| 000 | 02307nam a2200553 i 4500 | ||
|---|---|---|---|
| 001 | 39180 | ||
| 003 | KOSZ 005 | ||
| 005 | 20230112094403.0 | ||
| 008 | 000306s1999 pl |100 0 pol d | ||
| 015 | _aUWD 2000/5715 | ||
| 020 | _a8387832146 | ||
| 035 | _a991013026979705066 | ||
| 035 | _a(PL-WaBN)b13516760-48omnis_nlop | ||
| 035 | _ab13516760 | ||
| 035 | _a(OCoLC)749434433 | ||
| 035 | _azz2005784299 | ||
| 035 | _a(PL)b0000001351676 | ||
| 035 | _a(EXLNZ-48OMNIS_NETWORK)9910211387905606 | ||
| 040 |
_aWA N _cWA N _dKOSZ 005/HR |
||
| 046 | _k1999 | ||
| 080 | _a338.22(438)"1989/..." | ||
| 080 | _a339.923(4-67)"1989/..." | ||
| 080 | _a(06) | ||
| 245 | 0 | 0 |
_aPolska w Unii Europejskiej / _cpraca pod red. Stanisława Miklaszewskiego ; [aut. Stanisław Stebelski et al. ; Instytut Studiów Strategicznych]. |
| 260 |
_aKraków : _b"Meritum" : _b[Fundacja MCRD], _c1999. |
||
| 300 |
_a120 s. ; _c21 cm. |
||
| 336 |
_aTekst _btxt _2rdacontent |
||
| 337 |
_aBez urządzenia pośredniczącego _bn _2rdamedia |
||
| 338 |
_aWolumin _bnc _2rdacarrier |
||
| 380 | _aKsiążki | ||
| 388 | _a1901-2000 | ||
| 388 | _a1989-2000 | ||
| 490 | 1 |
_aZeszyty / Fundacja "Międzynarodowe Centrum Rozwoju Demokracji" ; _v39 |
|
| 500 | _aMater. z seminarium Polska wobec reformy funduszy strukturalnych Unii Europejskiej, które odbyło się 21. 11. 1998 r, oraz z seminarium: Nowy układ sił w Unii Europejskiej po przystąpieniu Polski i innych krajów Europy Środkowo-Wschodniej, które odbyło się 6. 03. 1999 r. w Krakowie. | ||
| 504 | _aBibliogr. | ||
| 610 | 2 | 7 |
_aUnia Europejska (UE) _2DBN |
| 650 | 7 | _aIntegracja europejska | |
| 651 | 7 |
_aPolska _2DBN |
|
| 655 | 7 |
_aMateriały konferencyjne _2DBN |
|
| 658 | _aGospodarka, ekonomia, finanse | ||
| 658 | _aPolityka, politologia, administracja publiczna | ||
| 700 | 1 |
_aMiklaszewski, Stanisław _d(1947-2011) _eRedakcja |
|
| 700 | 1 |
_aStebelski, Stanisław _eAutor |
|
| 710 | 2 |
_aFundacja Instytut Studiów Strategicznych (Kraków) _4pbl |
|
| 830 | 0 |
_aZeszyty Fundacji "Międzynarodowe Centrum Rozwoju Demokracji" _vz. 39 |
|
| 856 |
_uhttp://koha.tu.koszalin.pl/cgi-bin/koha/opac-detail.pl?biblionumber=39180 _yKatalog online BPK |
||
| 942 |
_2UKD _cKS |
||
| 999 |
_c39180 _d39180 |
||